Tableau des médailles olympiques - Rugby à sept - Statistiques

Statistiques générales
  • Ce quiz a été pris 41 fois
  • Le résultat moyen est 7 sur 8
Statistiques - réponses
Total Or Argent Bronze Pays % Correct
1 0 1 0 France
100%
3 1 2 0 Nouvelle-Zélande
97%
1 0 0 1 Afrique du Sud
92%
1 1 0 0 Australie
89%
1 0 1 0 Grande-Bretagne
89%
3 2 0 1 Fidji
83%
1 0 0 1 Argentine
78%
1 0 0 1 Canada
61%
Aucun quiz correspondant
Distribution des résultats
% des personnes avec chaque résultat
Percentile par nombre de réponses
Votre historique - résultats
Vous n’avez pas pris ce quiz